000 01427cam a22004214i 4500
003 PE-LiUPU
005 20250731184534.0
008 150623s r 000 0 d
035 _a(Sirsi) a23532
040 _aPE-LiUPU
_bspa
_cPE-LiUPU
_erda
082 0 4 _a921.095 101
_bL39
_221
100 1 _aLegge, James,
_eautor.
245 1 4 _aThe chinese classics :
_bthe life and teaching of Confucius /
_cJames Legge.
264 1 _aPaternoster House, Charing Cross Road :
_bKegan Paul, Trench, Trubner, Co.,
_c1895.
300 _a338 páginas ;
_c21 cm.
336 _atext
_2rdacontent
337 _aunmediated
_2rdamedia
338 _avolume
_2rdacarrier
505 0 _aThe chinese classics: the life and teaching of Confucius.
526 _aP136
526 _aP135
526 _aP134
526 _aP133
526 _aP144
526 _aP143
526 _aP87
526 _aP35
526 _aP20
526 _aP14
526 _aP10
526 _aP06
600 1 _aConfucio.
_d551-479 a C.
942 _2ddc
_cBOOK
949 _a921.095 101 L39
_wDEWEY
_c1
_i47712
_lCCODEBUL1
_mBUL
_p00.00
_r0
_sY
_tBOOK
_u2015-06-24
_xBIBLIOTECA
_zUNKNOWN
_0COMPRA
_o.STAFF. Colección General
596 _a1
999 _a921.095 101 L39
_wDEWEY
_c24221
_i47712
_f2022-4-21
_g5
_lCCODEBUL1
_mBUL
_r1
_sY
_tBOOK
_u2015-6-24
_xUNKNOWN
_zUNKNOWN
_0COMPRA
_o.STAFF. Colección General
_d24221
980 _81
_gALBERTO SANCHEZ Responsable de Automatización